000 00637cam a2200217 4500
001 WB3626-24
008 000000n2000 000 0 eng u
035 _a(Sirsi) u106999
245 _aEstate agents a century old
260 _c2000
490 _aWestern Mail
_v 5 July 2000, 2(1)
520 _aBrinsons, chartered surveyors and estate agents, has been celebrating 100 years in business.
590 _aWB
650 _aESTATE AGENTS
650 _aABOUT RICS-RICS MEMBERS
650 _aBRINSONS
650 _aCAERPHILLY
650 _aHISTORY
690 _aMANAGEMENT-BUSINESS MANAGEMENT-PROFESSIONAL PRACTICE
942 _n0
999 _c63975
_d63975